000 00349cam a2200157 4500
001 D11881
008 090401t1926 xxu||||| |||| 00| 0 eng d
035 _a(Sirsi) u12
041 _aeng
100 _aAbraham, R. M.
245 _aSurveying instruments
260 _aLondon
_bC F Casella
_c1926
350 _a0
942 _n0
948 _c04/03/1997
999 _c85474
_d85474